1917 1070 1829 1736 1902 1991 1777 1584 1916 1662 1224 1201 1002 1618 1978 1173 1086 1238 1509 1989 1301 1350 1808 1394 1288 1372 1451 1855 1800 1159 1060 1670 1577 1063 1883 1497 1031 1261 1782 1562 1712 1582 1507 1616 1909 1083 1108 1116 1662 1771 1231 1728 1115 1100 1645 1967 1596 1519 1985 1410 1912 1862 1247 1705 1157 1453 1744 1651 1170 1756 1413 1171 1270 1113 1826 1147 1017 1757 1987 1173 1937 1532 1807 1539 1934 1792 1016 1357 1653 1540 1995 1216 1696 1276 1433 1827 1076 1049 1541 BCNSPRNW ULIB Ver.6.0+V

เปลี่ยนเป็นภาษาไทย

Change to English
 แสดงรายละเอียดบรรณานุกรม
  กลับหน้าหลัก

Brief Record : Get Marc (ISO 2709) : E-mail record : QR code < ปิดหน้าต่าง
LEADER : 00000nam 2200000uu 4500
001    13399114954
003     ULIB
008    120624s2550||||th 000 0 tha d
020    9789740903949
060  4 WS113^bว849ล
100 0  วีระศักดิ์ ชลไชยะ
245 00 เลี้ยงลูกน้อยอย่างเข้าใจ
260    กรุงเทพฯ:^bธนาเพรส,^c2550
300    184 หน้า
650  4 เด็ก^xการเลี้ยง
650  4 พัฒนาการเด็ก
945    ^p90^l0^i19118
995    เกษร
999 ^a ใช้งานได้ทุกระบบ
รายการนี้ยังไม่มีแท็ก
คุณยังไม่ได้ล็อกอิน คุณสามารถมีกิจกรรมร่วมกับเว็บไซต์ได้ แต่ต้องล็อกอินก่อน ::
  ล็อกอิน

รายการสื่อสารสนเทศ

ลำดับที่ ประเภท เลขเรียก/บาร์โค้ด สถานที่ สถานะ
- ไม่พบข้อมูล -

รายการใกล้เคียง
    หัวเรื่อง [พัฒนาการเด็ก]

BibComment


ยังไม่เคยถูกคอมเมนท์

คอมเมนท์ทรัพยากรรายการนี้
  คอมเมนท์: เลี้ยงลูกน้อยอย่า..


 Copyright 2026. Bcnsprnw @Library